000 00291nam a2200133Ia 4500
100 _aHaykin/ Simon
942 _cBK
654 _aDigital
245 _aDigital communication
260 _bJohn Wiley & Sons
_aNew Delhi
_c2000
082 _a621.382
_bHAY
300 _a595
546 _aENGLISH
999 _c28717
_d28717